Biblioteca

Pollution and the death of man (Registro nro. 44163)

Detalles MARC
000 -LÍDER
Campo fijo de descripción fija 01307nam a2200349 i 4500
001 - NÚMERO DE CONTROL
Campo de control 768714001
003 - IDENTIFICADOR DEL NÚMERO DE CONTROL
Campo de control CO-MdFUSB
005 - FECHA Y HORA DE LA ULTIMA TRANSACCIÓN
control field 20241122093823.0
007 - CAMPO FIJO DE DESCRIPCIÓN FIJA--INFORMACIÓN GENERAL
Campo fijo de descripción fija ta
008 - ELEMENTOS DE LONGITUD FIJA -- INFORMACIÓN GENERAL
Campo fijo de descripción fija -- Información general 240511t1970 -us||||| |||| 00| 0 eng d
020 ## - NÚMERO INTERNACIONAL NORMALIZADO PARA LIBROS
Número Internacional Normalizado del libro 8423-4840-9
040 ## - FUENTE DE CATALOGACIÓN
Agencia de catalogación original CO-MdFUSB
Idioma de catalogación spa
Agencia que realiza la transcripción CO-MdFUSB
Agencia que realiza la modificación CO-MdFUSB
Convenciones de la descripción rda
041 0# - CÓDIGO DE IDIOMA
Código de idioma para texto/pista de sonido o título separado eng
Language code of original spa
082 04 - NÚMERO DE CLASIFICACIÓN DECIMAL DEWEY
Número de la edición del Dewey 23
Número de clasificación 261.836
Clave de autor-Numero de item SCH294
100 1# - ASIENTO PRINCIPAL--NOMBRE PERSONAL
Nombre personal Schaeffer, Francis A.
240 ## - TÍTULO UNIFORME
Título uniforme <a href="Polución y la muerte del hombre : Enfoque cristiano a la ecología">Polución y la muerte del hombre : Enfoque cristiano a la ecología</a>
Lenguaje del trabajo español
245 10 - TÍTULO
Título del Material Pollution and the death of man
Parte restante del título - Subtitulo : the christian view of ecology
Mención de responsabilidad, etc. / Francis A. Schaeffer
250 ## - MENCIÓN DE EDICIÓN
Mención de edición cuarta edición
264 #1 - PRODUCCIÓN, PUBLICACIÓN, DISTRIBUCIÓN, MANUFACTURA, Y COPYRIGHT
Lugar de producción, publicación, distribución, manufactura Illinois, Estados Unidos :
Nombre del productor, publicador, distribuidor Tyndale House Publishers,
Fecha de producción, publicación, distribución, manufactura, o copyright [1972]
264 #4 - PRODUCCIÓN, PUBLICACIÓN, DISTRIBUCIÓN, MANUFACTURA, Y COPYRIGHT
Fecha de producción, publicación, distribución, manufactura, o copyright ©1970
300 ## - DESCRIPCIÓN FÍSICA
Extensión 125 páginas
Dimensiones ; 21 cm
336 ## - CONTENT TYPE
Source rdacontent
Content type term texto
Content type code txt
337 ## - MEDIA TYPE
Source rdamedia
Media type term sin mediación
Media type code n
338 ## - CARRIER TYPE
Source rdacarrier
Carrier type term volumen
Carrier type code nc
505 ## - NOTA DE CONTENIDO
Nota de contenido con formato preestablecido ¿Qué le han hecho a nuestra bella hermana? -- Panteísmo: El hombre no es mas que la hierba. -- Otras respuestas inadecuadas. -- La visión cristiana: la creación. -- Una curación sustancial. -- La visión cristiana: la ¨planta piloto".
650 #7 - ASIENTO SECUNDARIO DE MATERIA - TERMINO TEMÁTICO
Término temático o nombre geográfico como elemento de entrada Ecología
9 (RLIN) 7099
650 #7 - ASIENTO SECUNDARIO DE MATERIA - TERMINO TEMÁTICO
Término temático o nombre geográfico como elemento de entrada Ética ambiental
9 (RLIN) 7277
942 ## - TIPO DE MATERIAL (KOHA)
Tipo de Item KOHA Libros General
945 ## - LOCAL PROCESSING INFORMATION (OCLC)
a Luz Peña
Existencias
Estado de Material Estado de Perdido Forma de Clasificación Estado de Dañado No para Préstamo Colección Biblioteca de Origen Biblioteca Permanente Fecha de Adquisición Área Total de Préstamos Signatura Topográfica Código de Barras Última vez visto Ejemplar/Existencia Fecha de Remplazo Tipo de Material
    Dewey Decimal Classification     Colección General Biblioteca FUSBC Biblioteca FUSBC 17/05/2024 MISIONES / EVANGELISMO   G 261.836 SCH294p 23365 17/05/2024 Ej. 1 17/05/2024 Libros General

Biblioteca FUSBC | Teléfono: (57+4) 349 88 10 Ext. 141| WhatsApp (+57) 3005338115 
E-mail: biblioteca@unisbc.edu.co | Calle 76 87-14 Robledo Palenque, Medellín, Colombia

Con tecnología Koha